| 000 | 00486nam a2200193 a 4500 | ||
|---|---|---|---|
| 005 | 20231101063646.0 | ||
| 008 | 991125s1978 mx 000 0 spa u | ||
| 020 | _a9681601637 | ||
| 035 | _aUPN01000058403 | ||
| 049 | _aCG | ||
| 050 | 4 |
_aPQ7897 H8 _bV4 |
|
| 100 | 1 |
_aHuerta, David, _d1949- _928768 |
|
| 245 | 1 | 0 |
_aVersión / _cDavid Huerta. |
| 260 |
_aMéxico : _bFCE, _c1978. |
||
| 300 | _a79 p. | ||
| 440 | 0 | _aLetras mexicanas | |
| 650 | 4 |
_aPoesía mexicana _91273 |
|
| 905 | _aLibro | ||
| 999 |
_c58403 _d58403 |
||